000 00548nam a2200169 i 4500
001 76875
003 ES-MaACL
005 20230906173009.0
007 t|
008 041005s1911 fr ||||1| fre d
100 1 _aGuignet, Marcel.
_960665
245 1 0 _aSaint Gregoire de Nazianze et la rhetorique
_b: ; Les procedes epistolaires de Saint Gregoire de Nazianze /
_cMarcel Guignet.
260 _a[S.l. :
_bs.n.,
_c1911] (
_eRennes :
_fFr. Simon)
300 _a439 p. ;
_c26 cm.
740 3 _aLes procedes epistolaires.
852 _aES-MaACL
_jF-1019
999 _c76875
_d76875